| 000 | 005470000a22001690004500 | ||
|---|---|---|---|
| 003 | MACL | ||
| 005 | 20160315160641.0 | ||
| 008 | 160315b xxu||||| |||| 00| 0 eng d | ||
| 040 |
_aMACL _cMACL |
||
| 041 | _aHindi | ||
| 082 | _a920 | ||
| 100 |
_aनिर्मलकुमार वसु _946225 |
||
| 245 | _aगांधीजी क्या चाहते थे | ||
| 260 |
_bअखिल भारत सर्व सेवा संघ प्रकाशन _aकाशी |
||
| 650 |
_aBiography _946226 |
||
| 942 |
_cHIN _k920 _2ddc |
||
| 999 |
_c24989 _d24989 |
||